Derecho, legitimidad y democracia deliberativa Desarrollo y conflicto de paradigmas jurídicas políticas en las sociedades en transición (Registro nro. 25705)

Detalles MARC
000 -ENCABEZADO
Número de control [NR] 01083nam a2200241Ia 4500
008 - DE LONGITUD FIJA DE DATOS DE ELEMENTOS - INFORMACIÓN GENERAL
Elementos de longitud fija [NR] 130821s1998 ck gr spa
020 ## - NUMERO INTERNACIONAL NORMALIZADO PARA LIBROS [R]
Número Internacional Normalizado del libro [NR] 9583501808
040 ## - FUENTE DE CATALOGACION [NR]
Agencia de catalogación original [NR] Co-BoUCM
Idioma de catalogación [NR] spa
041 00 - CODIGO DE IDIOMA [R]
Código de idioma para texto/pista de sonido o título separado [R] Español
100 ## - ASIENTO PRINCIPAL--NOMBRE PERSONAL [NR]
Nombre personal [NR] Mejía Quintana, Oscar Eduardo
Fechas asociadas con el nombre [NR] 1956-
ID Autoridad 89987
245 00 - MENCION DE TITULO [NR]
Título [NR] Derecho, legitimidad y democracia deliberativa Desarrollo y conflicto de paradigmas jurídicas políticas en las sociedades en transición
Mención de responsabilidad, etc. [NR] Oscar Mejía Quintana.
260 ## - PUBLICACION, DISTRIBUCION, ETC. (PIE DE IMPRENTA) [R]
Lugar de publicación, distribución, etc. [R] Bogotá (Cundinamarca, Colombia)
Nombre del editor, distribuidor, etc. [R] Temis
Fecha de publicación, distribución, etc. [R] 1998
300 ## - DESCRIPCION FISICA [R]
Extensión [R] 306 páginas
504 ## - NOTA DE BIBLIOGRAFIA, ETC. [R]
Nota de bibliografía, etc. [NR]
600 ## - ASIENTO SECUNDARIO DE MATERIA - NOMBRE PERSONAL [R]
Nombre personal [NR] Habermas, Jurgen
Fechas asociadas con el nombre [NR] 1929-
Subdivisión general [R] Crítica e interpretación, etc.
9 (RLIN) 107950
600 ## - ASIENTO SECUNDARIO DE MATERIA - NOMBRE PERSONAL [R]
Nombre personal [NR] Kelsen, Hans
Fechas asociadas con el nombre [NR] 1881-1973
Subdivisión general [R] Crítica e interpretación, etc.
9 (RLIN) 31963
600 ## - ASIENTO SECUNDARIO DE MATERIA - NOMBRE PERSONAL [R]
Nombre personal [NR] Mutis y Bosio, José Celestino
Fechas asociadas con el nombre [NR] 1732-1808
Subdivisión general [R] Crítica e interpretación, etc.
9 (RLIN) 29593
600 ## - ASIENTO SECUNDARIO DE MATERIA - NOMBRE PERSONAL [R]
Nombre personal [NR] Rawls, John
Fechas asociadas con el nombre [NR] 1921-
Subdivisión general [R] Crítica e interpretación, etc.
9 (RLIN) 89988
650 04 - ASIENTO SECUNDARIO DE MATERIA - TERMINO TEMATICO [R]
Término temático o nombre geográfico como elemento de entrada [NR] Filosofía del derecho
9 (RLIN) 15792
650 04 - ASIENTO SECUNDARIO DE MATERIA - TERMINO TEMATICO [R]
Término temático o nombre geográfico como elemento de entrada [NR] Neoliberalismo
9 (RLIN) 20188
942 ## - ELEMENTOS DE ENTRADA AGREGADOS (KOHA)
Tipo de ítem principal el descrito en 300a Libro
Tema principal Derecho
Edición 1
Parte restante de la signatura top. M34d
Sistema de clasificación DEWEY
Clasificación 340.1
Existencias
Total préstamos Signatura topográfica Código de barras Última vez visto Ejemplar Costo de reposición Price effective from Tipo de ítem Perdido Sistema de clasificación Dañado No prestable Tipo de ítem específico Suprimido Ubicación habitual Ubicación actual Localización Fecha de creación Proveedor Forma de adquisición Costo
  340.1 M34d 100163113 09/12/2024 Ej.3 26000.00 16/08/2019 Libro   DEWEY     Libro   BodegaJK Claustro Préstamo 2 días después de solicitado 16/08/2019 12 Donación 0.00